Německo-český, česko-německý slovník pro technickou praxi

Guardado en:
Detalles Bibliográficos
Autor principal: Lapka, Vladimír
Formato: Libro
Lenguaje:alemán
checo
Publicado: Ostrava Montanex 1995
Edición:1. vyd.
Materias:
Etiquetas: Agregar Etiqueta
Sin Etiquetas, Sea el primero en etiquetar este registro!

MARC

LEADER 00000nam a2200000 4500
001 c011998
005 20221214071436.6
020 |a 80-85780-45-3 
041 0 |a ger 
041 0 |a cze 
044 |a CZ 
245 1 0 |a Německo-český, česko-německý slovník pro technickou praxi  |c Vladimír Lapka 
250 |a 1. vyd. 
264 1 |a Ostrava  |b Montanex  |c 1995 
300 |a 581 s. 
610 2 0 |a technika 
610 2 0 |a jazykoveda 
610 2 0 |a nemčina 
610 2 0 |a čeština 
610 2 0 |a terminológia 
100 1 |a Lapka, Vladimír